00202 a2200109 4500001000700000020000600007040001100013100000600024240002900030245002400059362000900083180396 a  cMagnum a-10aBrincando/sicilianolpor10aBrincando/siciliano0 a1899